000 00624nam a22002177a 4500
003 OSt
005 20251204074053.0
008 251204b |||||||| |||| 00| 0 eng d
020 _a978-971-06-4608-1
040 _aDWCL -Main Library
_cOC
082 _aFil. 700 M297 2018
100 _aMiranda, Quennie S.
245 _aMapeh for Today's learner 10 /
_cQuennie S. Miranda
260 _aQuezon City:
_bPhoenix Publishing House,
_cc2018
300 _aviii, 521 pages :
_billustrations ;
_c25 cm.
650 _a1. Arts
650 _a2. Health
650 _a3. Music
650 _a4. P.e.
942 _2ddc
_cBK - FIL
_mFil.
_n0
999 _c6866
_d6866